Normal view
MARC view
- Shan ur Rehman, Sajid Maqbool, Mian Adil Majeed
Entry Personal Name
001 - CONTROL NUMBER
- control field: 92663
003 - CONTROL NUMBER IDENTIFIER
- control field: NUST
005 - DATE AND TIME OF LATEST TRANSACTION
- control field: 20220704135812.0
008 - FIXED-LENGTH DATA ELEMENTS
- fixed length control field: 220704|| aca||aabn | a|a d
040 ## - CATALOGING SOURCE
- Original cataloging agency: NUST
- Transcribing agency: NUST
100 ## - HEADING--PERSONAL NAME
- Personal name: Shan ur Rehman, Sajid Maqbool, Mian Adil Majeed
670 ## - SOURCE DATA FOUND
- Source citation: Work cat.: (NUST)11311: Muhammad Ali, Reconnaissance Robot, 2012
